| 000 | 00429nam a22001697a 4500 | ||
|---|---|---|---|
| 999 |
_c527574 _d527574 |
||
| 003 | NUST | ||
| 020 | _qH.B. | ||
| 038 | _awaseem | ||
| 082 |
_a891.423 _bGHU |
||
| 100 |
_aGhuman, Ilyas _915819 |
||
| 245 |
_aGenday Gal Galaanwan / _cIlyas Ghuman |
||
| 260 |
_aLahore : _bIPLAC, _c2003. |
||
| 300 | _a215 p. ; | ||
| 880 |
_a100-01\r _bالیاس گھمن |
||
| 880 |
_a245-02\r _bگینڈے گل گلاواں / |
||
| 942 |
_2ddc _cBK |
||